000 00526nam a22001817a 4500
003 URS
005 20251029161822.0
008 251029b |||||||| |||| 00| 0 eng d
040 _cURS
100 _aAlley, Joshua
_eAuthor
245 _aWhen Idiological Enemies Ally /
_cJoshua Alley
300 _apage 99
336 _2rdacontent
_atext
_btxt
337 _2rdamedia
_aunmediated
_bn
338 _2rdacarrier
_avolume
_bnc
773 0 _07583
_992999
_oPIL-00323195.138.1
_tPolitical science quarterly:
_x00323195
942 _2ddc
_cCR
999 _c88549
_d88546